Statistics for City by Footbridge Picture Quiz

Click here to take the quiz!

General Stats

  • This quiz has been taken 23 times
  • The average score is 7 of 16

Answer Stats

Answer% Correct
London
91%
Prague
91%
Venice
86%
Florence
77%
Mostar
59%
Newcastle upon Tyne
45%
Hong Kong
41%
Lucerne
41%
Beijing
36%
Isfahan
23%
Buenos Aires
18%
Tehran
18%
Vancouver
14%
Calgary
9%
Chicago
5%
Melbourne
5%

Score Distribution

Percentile by Number Answered

Percent of People with Each Score

Your Score History

You have not taken this quiz